00196nam a22000737a 4500100002300000245006100023260002800084300001000112 aKhan, Mohd. Sharif aTeacher education in India and abroadcMohd. Sharif Khan aNew DelhibAshishc1983 a156p.